000 00519nam a22001697a 4500
005 20251108175825.0
008 250721s2019 xx 000 0 ara d
082 1 4 _a909.04924/حمي
100 1 _aحميدي، فتحي سالم
245 1 0 _aاليهود في العصور الإسلامية /
264 1 _aعمان :
_bدار الفكر ناشرون و موزعون،
_c2019.
300 _a295ص.
650 1 7 _aاليهود
650 1 7 _aالتاريخ الاسلامي
942 _2ddc
_cBK
999 _c143274
_d143274